Numerical solution of potential flow equation (Record no. 323943)

000 -LEADER
fixed length control field 00322 a2200133 4500
001 - CONTROL NUMBER
control field 88870
082 ## - DEWEY DECIMAL CLASSIFICATION NUMBER
Classification number PR 793
090 ## - LOCALLY ASSIGNED LC-TYPE CALL NUMBER (OCLC); LOCAL CALL NUMBER (RLIN)
-- 42011
-- 42011
100 ## - MAIN ENTRY--PERSONAL NAME
Personal name Sher Afgan
245 ## - TITLE STATEMENT
Title Numerical solution of potential flow equation
260 ## - PUBLICATION, DISTRIBUTION, ETC.
Place of publication, distribution, etc. Karachi
Name of publisher, distributor, etc. NED
Date of publication, distribution, etc. 1982
300 ## - PHYSICAL DESCRIPTION
Extent 40p.
Accompanying material Khalid Khan
500 ## - GENERAL NOTE
General note BE Project Reports
942 ## - ADDED ENTRY ELEMENTS (KOHA)
Institution code [OBSOLETE] CAE NUST
Call number prefix PR 793
Holdings
Withdrawn status Lost status Damaged status Not for loan Collection code Permanent Location Current Location Date acquired Total Checkouts Full call number Barcode Date last seen Price effective from Koha item type
          College of Aeronautical Engineering (CAE) College of Aeronautical Engineering (CAE) 04/03/2017   PR 793 CAEPR-793 04/05/2017 04/05/2017 Book
© 2023 Central Library, National University of Sciences and Technology. All Rights Reserved.